Normal view MARC view
  • Jemaah Islamiyah (Organization)

Entry Corporate Name

Number of records used in: 1

001 - CONTROL NUMBER

  • control field: 4379

003 - CONTROL NUMBER IDENTIFIER

  • control field: OSt

005 - DATE AND TIME OF LATEST TRANSACTION

  • control field: 20170515114424.0

008 - FIXED-LENGTH DATA ELEMENTS

  • fixed length control field: 170515|| aca||aabn | a|a d

040 ## - CATALOGING SOURCE

  • Original cataloging agency: OSt
  • Transcribing agency: OSt

110 ## - HEADING--CORPORATE NAME

  • Corporate name or jurisdiction name as entry element: Jemaah Islamiyah (Organization)
  • General subdivision: History

670 ## - SOURCE DATA FOUND

  • Source citation: Work cat.: (OSt)0: Sariburaja, Kennimrod, 1983- author. 4378, AL-JAMĀ`AH AL-ISLĀMIYYAH /
Pusat Sumber Maklumat Dato' Haji Sarmin Md Hussin, Akademi Kastam Diraja Malaysia, Melaka
Tel: 06-2331106 | Faks: 06-2313787